000 02498cam a22006014i 4500
003 PE-LiUPU
005 20250731173337.0
008 150706s2004 gw rb 000 0 eng d
020 _a9783438052780
035 _a(Sirsi) i9783438052780
040 _aPE-LiUPU
_bspa
_cPE-LiUPU
_erda
049 _aPRUA
082 0 4 _a221
_bBHQ
_221
130 _aBiblia.
_pA.T.
_IHebreo.
_f2004.
245 1 0 _aMegilloth /
_ceditado por A. Schenker . [et al.].
250 _a5 Edición.
264 1 _aStuttgart :
_bDeutsche Bibelgesellschaft,
_c2004.
300 _a151 páginas ;
_c24 centímetros.
336 _atext
_2rdacontent
337 _aunmediated
_2rdamedia
338 _avolume
_2rdacarrier
490 1 _aBiblia Hebraica quinta ;
_v18
504 _aIncluye referencias bibliograficas.
505 0 _aRuth -- Canticles -- Qoheleth -- Lamentations -- Esther -- Notes on the Masorah Parva -- Ruth -- Canticles -- Qoheleth -- Lamentations -- Esther -- Notes on the Masorah Magna -- Ruth -- Canticles -- Qoheleth -- Lamentations -- Esther -- Commentaries on the critical apparatus -- Ruth -- Canticles -- Qoheleth -- Lamentations -- Esther -- Works Cited.
526 _aSEG42
526 _aSEG41
526 _aSEG40
526 _aSEG39
526 _aP94
526 _aP87
526 _aP86
526 _aP85
526 _aP77
526 _aP76
526 _aP35
541 _g104-3776787-4588217;
630 _aBiblia.
_pA.T.
_IHebreo.
_f2004.
630 _aBiblia.
_pA.T.
_pCantares
_xCrítica Textual.
630 _aBiblia.
_pA.T.
_pEcclesiastés
_xCrítica Textual.
630 _aBiblia.
_pA.T.
_pEsther
_xCrítica Textual.
630 _aBiblia.
_pA.T.
_pLamentaciones
_xCrítica Textual.
630 _aBiblia.
_pA.T.
_pMegilloth
_xCrítica Textual.
630 _aBiblia.
_pA.T.
_pRuth
_xCrítica Textual.
630 _aBiblia.
_pA.T.
_xCrítica Textual.
700 1 _aSchenker, Adrian,
_eeditor.
710 2 _aDeutsche Bibelgesselschaft
910 _agl
_bjv
_clch
_d20090811
942 _2ddc
_cBOOK
949 _a221 BHQ 18
_wDEWEY
_c1
_i59806
_d2016-6-28
_e2016-6-26
_lCCODEBUL1
_mBUL
_n2
_p80.00
_r0
_sY
_tBOOK
_u2015-7-6
_xTEOLOGIA
_PP85
_0COMPRA
_o.STAFF. Colección Teología
994 _aC0
_bPEPRU
596 _a1
999 _a221 BHQ 18
_wDEWEY
_c49338
_i59806
_d49338
_e2016-6-26
_f2021-11-9
_g5
_lCCODEBUL1
_mBUL
_n2
_p80.00
_r0
_sY
_tBOOK
_u2015-7-6
_xTEOLOGIA
_PP85
_0COMPRA
_o.STAFF. Colección Teología
980 _81
_gALBERTO SANCHEZ Responsable de Automatización